Evaluación de las pérdidas totales de sacarosa de miel y cachaza en el Ingenio Monte Rosa durante la zafra 2000 - 2001
Consiste en la evaluación de las pérdidas de sacarosas en miel final y cachaza, en las áreas de cristalización y filtrado del ingenio Monte Rosa. Se resalta los aspectos evaluados, los parámetros de operación de los equipos que producen las diferentes masas cocidas, así como también el anál...
| Main Authors: | , |
|---|---|
| Other Authors: | |
| Format: | Tesis Section = Libro |
| Language: | Undetermined Spanish |
| Published: |
Managua
UNI
2002
|
| Subjects: |
| LEADER | 01310nam a2200265Ia 4500 | ||
|---|---|---|---|
| 008 | 240830s9999 xx 000 0 und d | ||
| 040 | |a BIBLIOTECA-RUSB/ Mon 658.1555 C318 | ||
| 041 | |a spa | ||
| 082 | |a Mon 658.1555 C318 | ||
| 100 | 1 | |a Carrión Osorno, Bayardo Nicolás | |
| 100 | 1 | |b Méndez, Lesther Antonio | |
| 245 | 1 | 0 | |a Evaluación de las pérdidas totales de sacarosa de miel y cachaza en el Ingenio Monte Rosa durante la zafra 2000 - 2001 |
| 260 | |a Managua |b UNI |c 2002 | ||
| 300 | |a 140 p. :il. | ||
| 500 | |a Contiene: anexos. | ||
| 502 | |a Tesis (Ingeniero Químico) - UNI, 2002. | ||
| 520 | 3 | |a Consiste en la evaluación de las pérdidas de sacarosas en miel final y cachaza, en las áreas de cristalización y filtrado del ingenio Monte Rosa. Se resalta los aspectos evaluados, los parámetros de operación de los equipos que producen las diferentes masas cocidas, así como también el análisis de los parámetros de los filtros rotatorios. | |
| 650 | 7 | |a ANALISIS Y PREVENCION DE PÉRDIDAS - SACAROSA | |
| 650 | 7 | |b PROCESO PRODUCTIVO DEL AZUCAR - INGENIO MONTE ROSA | |
| 650 | 7 | |c EVALUACION DE PERDIDAS - SACAROSA - MIEL | |
| 650 | 7 | |d PERDIDAS SACAROSA - CRISTALIZACION | |
| 700 | 1 | |a Tutor: |b Acevedo Lugo, Ernesto José | |
| 942 | |c BK |2 ddc | ||
| 991 | |a TESIS | ||
| 999 | |c 20588 | ||